Curso de contabilidad (Registro nro. 1664)

Detalles MARC
000 -LEADER
fixed length control field 01955 a2200217 4500
001 - CONTROL NUMBER
control field 28166
005 - DATE AND TIME OF LATEST TRANSACTION
control field 20260407155554.0
008 - FIXED-LENGTH DATA ELEMENTS--GENERAL INFORMATION
fixed length control field 260407a1972 arg spa d
003 - CONTROL NUMBER IDENTIFIER
control field AR-UNSa-BCEJYS
040 ## - CATALOGING SOURCE
Original cataloging agency AR-UNSa-BCEJYS
Language of cataloging spa
Transcribing agency AR-UNSa-BCEJYS
080 ## - UNIVERSAL DECIMAL CLASSIFICATION NUMBER
Universal Decimal Classification number 657
Common auxiliary subdivision Contabilidad
100 1# - MAIN ENTRY--PERSONAL NAME
Personal name Finney, H.A.
245 10 - TITLE STATEMENT
Title Curso de contabilidad
Name of part/section of a work introducción
250 ## - EDITION STATEMENT
Edition statement 3a. ed
264 #1 - PRODUCTION, PUBLICATION, DISTRIBUTION, MANUFACTURE, AND COPYRIGHT NOTICE
Place of production, publication, distribution, manufacture México :
Name of producer, publisher, distributor, manufacturer Unión Tipográfica Editorial Hispano-Americana (UTEHA)
Date of production, publication, distribution, manufacture, or copyright notice 1972
300 ## - PHYSICAL DESCRIPTION
Extent 2v.(790; 474 p.)
Dimensions 23 cm.
505 ## - FORMATTED CONTENTS NOTE
Formatted contents note Vol I: 1. Activo, pasivo y capital - 2. Procedimientos básicos de la contabilidad - 3. Cambios en el capital. Cierre de libros - 4. Ajustes por gastos e ingresos acumulados. Hojas de trabajo - 5. Ajustes por ingresos y gastos diferidos. Hojas de trabajo - 6. Operaciones con mercancías - 7. Organización de los estados y del mayor - 8. Utiles técnicas de contabilidad - 9. Formas legales de organización mercantil - 10. Formas legales de organización mercantil (concluye) - 11. Efectivo e inversiones - 12. Cuentas y documentos por cobrar - 13. Contabilidad de inventarios - 14. Activo fijo - 15. Pasivo - 16. Principios de contabilidad - 17. Operaciones de manufactura - 18. Contabilidad de costos - 19. Datos de los costos y necesidades de la administración - 20. Análisis de los datos financieros - 21. Cambios en el nivel de precios y estados complementarios - 22. Estado de origen y aplicación de fondos - 23. Estados del flujo de efectivo y pronóstico del efectivo - 24. Operaciones departamentales y de sucursales - 25. Estados consolidados - 26. Control presupuestal y planeación de resultados - 27. La información contable como instrumento de la administración - 28. Importancia de tomar en consideración los efectos del impuesto sobre la renta - Vol. II: Respuestas a las preguntas y soluciones a los problemas
590 ## - LOCAL NOTE (RLIN)
Local note niveau_biblio:m niveau_hierar:0
700 1# - ADDED ENTRY--PERSONAL NAME
Personal name Miller, Herbert E.
942 ## - ADDED ENTRY ELEMENTS (KOHA)
Koha item type
Existencias
Withdrawn status Lost status Damaged status Not for loan Home library Current library Shelving location Date acquired Total checkouts Full call number Barcode Date last seen Price effective from Koha item type
        Biblioteca Prof. Eusebio Cleto del Rey Biblioteca Prof. Eusebio Cleto del Rey   07/04/2026   657 B582 v.1 3ed. L25924 07/04/2026 07/04/2026 Libro
        Biblioteca Prof. Eusebio Cleto del Rey Biblioteca Prof. Eusebio Cleto del Rey   07/04/2026   657 B582 v.1 3ed. L25930 07/04/2026 07/04/2026 Libro
        Biblioteca Prof. Eusebio Cleto del Rey Biblioteca Prof. Eusebio Cleto del Rey   07/04/2026   657 B582 v.2 3ed. L25925 07/04/2026 07/04/2026 Libro
        Biblioteca Prof. Eusebio Cleto del Rey Biblioteca Prof. Eusebio Cleto del Rey   07/04/2026   657 B582 v.2 3ed. L25931 07/04/2026 07/04/2026 Libro